La enseñanza de la economía en el contexto Colombiano / (Registro nro. 4815)

Detalles MARC
000 -LEADER
fixed length control field 01236nam a2200289Ia 4500
003 - CONTROL NUMBER IDENTIFIER
control field OSt
005 - DATE AND TIME OF LATEST TRANSACTION
control field 20200602115820.0
008 - FIXED-LENGTH DATA ELEMENTS--GENERAL INFORMATION
fixed length control field 191128s2012 ck ad fr 000 0 spa d
020 ## - INTERNATIONAL STANDARD BOOK NUMBER
International Standard Book Number 9789585737303
040 ## - CATALOGING SOURCE
Original cataloging agency CO-JMCR
Transcribing agency CO-JMCR
041 0# - LANGUAGE CODE
Language code of text/sound track or separate title spa
082 04 - DEWEY DECIMAL CLASSIFICATION NUMBER
Classification number 330 .007
Item number M827e
Edition number 23
100 1# - MAIN ENTRY--PERSONAL NAME
Personal name Mora, Jhon James,
Relator term autor
9 (RLIN) 4885
245 13 - TITLE STATEMENT
Title La enseñanza de la economía en el contexto Colombiano /
Statement of responsibility, etc. editado por Jhon James Mora, Luis Fernando Ramírez y Luis Eduardo Acuña
260 ## - PUBLICATION, DISTRIBUTION, ETC.
Place of publication, distribution, etc. Bogotá :
Name of publisher, distributor, etc. Asociación Colombiana de Facultades, Programas y Departamentos de Economía,
Date of publication, distribution, etc. 2012
300 ## - PHYSICAL DESCRIPTION
Extent 163 páginas :
Other physical details gráficos a blanco y negro ;
Dimensions 24 cm.
504 ## - BIBLIOGRAPHY, ETC. NOTE
Bibliography, etc. note Incluye bibliografía al final de cada capítulo
505 0# - FORMATTED CONTENTS NOTE
Formatted contents note Experiencias pedagógicas -- Formulación y evaluación por competencia
650 14 - SUBJECT ADDED ENTRY--TOPICAL TERM
Topical term or geographic name entry element Economía
General subdivision enseñanza superior
Geographic subdivision Colombia
9 (RLIN) 4886
650 14 - SUBJECT ADDED ENTRY--TOPICAL TERM
Topical term or geographic name entry element Educación por competencias
Geographic subdivision Colombia
9 (RLIN) 4887
650 14 - SUBJECT ADDED ENTRY--TOPICAL TERM
Topical term or geographic name entry element Formación profesional de economistas
Geographic subdivision Colombia
9 (RLIN) 4888
650 14 - SUBJECT ADDED ENTRY--TOPICAL TERM
Topical term or geographic name entry element Pedagogía social
Geographic subdivision Colombia
9 (RLIN) 4889
650 14 - SUBJECT ADDED ENTRY--TOPICAL TERM
Topical term or geographic name entry element Competencia económica
9 (RLIN) 4890
700 1# - ADDED ENTRY--PERSONAL NAME
Personal name Ramírez, Luis Fernando,
Relator term editor
9 (RLIN) 4891
700 1# - ADDED ENTRY--PERSONAL NAME
Personal name Acuña, Luis Eduardo,
Relator term editor
9 (RLIN) 4892
942 ## - ADDED ENTRY ELEMENTS (KOHA)
Source of classification or shelving scheme Dewey Decimal Classification
Koha item type Books
Existencias
Withdrawn status Lost status Source of classification or shelving scheme Damaged status Not for loan Collection code Home library Current library Date acquired Source of acquisition Cost, normal purchase price Total Checkouts Full call number Barcode Date last seen Copy number Koha item type
    Dewey Decimal Classification     Non-fiction Biblioteca Pública José María del Castillo y Rada Biblioteca Pública José María del Castillo y Rada 04/15/2018 Donación 0.00   330.007 / M827e 430000565 05/16/2024 Ej.1 Books